Vetranie výrobných a skladových priestorov priemyselného objektu strojárenskej výroby

Na minha lista:
Detalhes bibliográficos
Autor principal: Kollárik, Peter (Author)
Outros Autores: Straková, Zuzana (Thesis advisor)
Formato: Manuscrito Livro
Idioma:eslovaco
Publicado em: 2019
Assuntos:
Acesso em linha:http://is.stuba.sk/zp/portal_zp.pl?podrobnosti=145262
https://opac.crzp.sk/?fn=detailBiblioForm&sid=9F8942B94996237AABF91AF666DC
Tags: Adicionar Tag
Sem tags, seja o primeiro a adicionar uma tag!

MARC

LEADER 00000ntm a22000003a 4500
001 stuzp72943
003 SK-STU
005 20230531144347.6
007 ta
008 150427s2015----xo-----f-mn---000-0-slo-d
040 |a STU  |b slo 
041 0 |a slo 
100 1 |a Kollárik, Peter  |u 010290  |k Z4  |4 aut  |U SvF Stavebná fakulta  |T SvF Katedra technických zariadení budov  |X 55078  |U V290  |Y 31  |7 55078 
242 0 1 |a Ventilation of production and storage areas of the industrial building of mechanical engineering  |y eng 
245 1 0 |a Vetranie výrobných a skladových priestorov priemyselného objektu strojárenskej výroby 
260 |c 2019 
650 4 |a Vetranie  |2 slo 
650 4 |a Priemysel  |2 slo 
650 4 |a Hala  |2 slo 
650 4 |a Hall  |2 eng 
650 4 |a Venrilation  |2 eng 
650 4 |a Industry  |2 eng 
700 1 |a Straková, Zuzana  |u 010290  |k Z8  |4 ths  |U SvF Stavebná fakulta  |T SvF Katedra technických zariadení budov  |X 1647  |U V290  |Y 31  |7 1647 
856 4 |u http://is.stuba.sk/zp/portal_zp.pl?podrobnosti=145262 
856 4 |u https://opac.crzp.sk/?fn=detailBiblioForm&sid=9F8942B94996237AABF91AF666DC